Teach yourself C / (Record no. 8520)
[ view plain ]
| 000 -LEADER | |
|---|---|
| fixed length control field | 00593nam a22002177a 4500 |
| 001 - CONTROL NUMBER | |
| control field | 22419 |
| 003 - CONTROL NUMBER IDENTIFIER | |
| control field | BD-DhUAP |
| 005 - DATE AND TIME OF LATEST TRANSACTION | |
| control field | 20240530182403.0 |
| 008 - FIXED-LENGTH DATA ELEMENTS--GENERAL INFORMATION | |
| fixed length control field | 240530b19972017ny a|||| |||| 001 0 eng d |
| 020 ## - INTERNATIONAL STANDARD BOOK NUMBER | |
| International Standard Book Number | 9780078823114 |
| 040 ## - CATALOGING SOURCE | |
| Original cataloging agency | BD-DhAAL |
| Language of cataloging | eng |
| Transcribing agency | BD-DhUAP |
| Modifying agency | BD-DhUAP |
| 082 ## - DEWEY DECIMAL CLASSIFICATION NUMBER | |
| Edition number | 23 |
| Classification number | 005.133 SCH |
| 100 ## - MAIN ENTRY--PERSONAL NAME | |
| Personal name | Schildt, Herbert. |
| 245 ## - TITLE STATEMENT | |
| Title | Teach yourself C / |
| Statement of responsibility, etc. | Herbert Schildt. |
| 250 ## - EDITION STATEMENT | |
| Edition statement | 3rd ed. |
| 260 ## - PUBLICATION, DISTRIBUTION, ETC. | |
| Place of publication, distribution, etc. | New York : |
| Name of publisher, distributor, etc. | McGraw-Hill, |
| Date of publication, distribution, etc. | c2017. |
| 300 ## - PHYSICAL DESCRIPTION | |
| Extent | xiii, 640 pages ; |
| Dimensions | 24 cm. |
| 500 ## - GENERAL NOTE | |
| General note | Includes index. |
| 650 ## - SUBJECT ADDED ENTRY--TOPICAL TERM | |
| Topical term or geographic name entry element | C++ (Computer program language). |
| 942 ## - ADDED ENTRY ELEMENTS (KOHA) | |
| Source of classification or shelving scheme | |
| Koha item type | Book |
| Withdrawn status | Lost status | Source of classification or shelving scheme | Damaged status | Not for loan | Permanent Location | Current Location | Shelving location | Date acquired | Total Checkouts | Total Renewals | Full call number | Barcode | Date last seen | Date last checked out | Copy number | Cost, replacement price | Koha item type | Price effective from |
|---|---|---|---|---|---|---|---|---|---|---|---|---|---|---|---|---|---|---|
| UAP Central Library | UAP Central Library | General Stacks | 2024-05-30 | 3 | 2 | 005.133 SCH | 3010022419 | 2025-05-18 | 2025-04-24 | 1 | 3000.00 | Book | ||||||
| UAP Central Library | UAP Central Library | General Stacks | 2024-05-30 | 2 | 3 | 005.133 SCH | 3010022420 | 2025-03-03 | 2025-01-30 | 2 | 3000.00 | Book | 2024-05-30 | |||||
| UAP Central Library | UAP Central Library | General Stacks | 2024-05-30 | 1 | 1 | 005.133 SCH | 3010022421 | 2025-08-27 | 2025-07-30 | 3 | 3000.00 | Book | 2024-05-30 | |||||
| UAP Central Library | UAP Central Library | General Stacks | 2024-05-30 | 2 | 005.133 SCH | 3010022422 | 2025-08-26 | 2025-08-18 | 4 | 3000.00 | Book | 2024-05-30 | ||||||
| UAP Central Library | UAP Central Library | General Stacks | 2024-05-30 | 2 | 4 | 005.133 SCH | 3010022423 | 2025-09-28 | 2025-08-26 | 5 | 3000.00 | Book | 2024-05-30 | |||||
| UAP Central Library | UAP Central Library | General Stacks | 2024-05-30 | 2 | 4 | 005.133 SCH | 3010022424 | 2025-05-28 | 2025-04-13 | 6 | 3000.00 | Book | 2024-05-30 | |||||
| UAP Central Library | UAP Central Library | General Stacks | 2024-05-30 | 4 | 6 | 005.133 SCH | 3010022425 | 2026-04-30 | 2025-09-07 | 7 | 3000.00 | Book | 2024-05-30 | |||||
| UAP Central Library | UAP Central Library | General Stacks | 2024-05-30 | 1 | 005.133 SCH | 3010022426 | 2025-05-05 | 2025-04-21 | 8 | 3000.00 | Book | 2024-05-30 | ||||||
| UAP Central Library | UAP Central Library | General Stacks | 2024-05-30 | 1 | 005.133 SCH | 3010022427 | 2024-09-25 | 2024-09-11 | 9 | 3000.00 | Book | 2024-05-30 | ||||||
| UAP Central Library | UAP Central Library | General Stacks | 2024-05-30 | 005.133 SCH | 3010022428 | 2024-05-30 | 10 | 3000.00 | Book | 2024-05-30 |
Bengali Keyboard